Eastern Utah Libraries Catalog: Duchesne, Heber, Roosevelt, & Vernal

Shakespeare (Record no. 270009)

MARC details
000 -LEADER
fixed length control field 02541nim a2200493Ia 4500
001 - CONTROL NUMBER
control field ocn316875390
003 - CONTROL NUMBER IDENTIFIER
control field OCoLC
005 - DATE AND TIME OF LATEST TRANSACTION
control field 20200320183319.0
007 - PHYSICAL DESCRIPTION FIXED FIELD--GENERAL INFORMATION
fixed length control field sd fungnn|||ed
008 - FIXED-LENGTH DATA ELEMENTS--GENERAL INFORMATION
fixed length control field 090324s2009 mdunnn hl eng d
020 ## - INTERNATIONAL STANDARD BOOK NUMBER
International Standard Book Number 9781436169387 :
Terms of availability $98.75
020 ## - INTERNATIONAL STANDARD BOOK NUMBER
International Standard Book Number 1436169380 :
Terms of availability $98.75
020 ## - INTERNATIONAL STANDARD BOOK NUMBER
International Standard Book Number 9781436169394 (course guide)
020 ## - INTERNATIONAL STANDARD BOOK NUMBER
International Standard Book Number 1436169399 (course guide)
020 ## - INTERNATIONAL STANDARD BOOK NUMBER
Terms of availability 98.75
028 01 - PUBLISHER NUMBER
Publisher number UC131
Source Recorded Books
028 01 - PUBLISHER NUMBER
Publisher number UT131
Source Recorded Books
029 1# - (OCLC)
OCLC library identifier RECBX
System control number ruc00000131
035 ## - SYSTEM CONTROL NUMBER
System control number (OCoLC)316875390
040 ## - CATALOGING SOURCE
Original cataloging agency OCO
Transcribing agency OCO
Modifying agency KSL
-- RECBX
-- WACOL
049 ## - LOCAL HOLDINGS (OCLC)
Holding library WACL
092 ## - LOCALLY ASSIGNED DEWEY CALL NUMBER (OCLC)
Classification number SR 822.33
Item number Shar
092 ## - LOCALLY ASSIGNED DEWEY CALL NUMBER (OCLC)
Classification number 822.33
Item number Sha
100 1# - MAIN ENTRY--PERSONAL NAME
Personal name Shargel, Raphael,
Dates associated with a name 1965-
9 (RLIN) 5847367
245 10 - TITLE STATEMENT
Title Shakespeare
Medium [sound recording] :
Remainder of title ten great comedies /
Statement of responsibility, etc Raphael Shargel.
260 ## - PUBLICATION, DISTRIBUTION, ETC. (IMPRINT)
Place of publication, distribution, etc Prince Frederick, MD :
Name of publisher, distributor, etc Recorded Books,
Date of publication, distribution, etc p2009.
300 ## - PHYSICAL DESCRIPTION
Extent 7 sound discs :
Other physical details digital ;
Dimensions 4 3/4 in. +
Accompanying material 1 course guide (80 p. : ill. ; 22 cm.)
490 1# - SERIES STATEMENT
Series statement Modern scholar
500 ## - GENERAL NOTE
General note "14 lectures"--Container.
500 ## - GENERAL NOTE
General note Compact discs.
504 ## - BIBLIOGRAPHY, ETC. NOTE
Bibliography, etc Includes bibliographical references (guide)
505 0# - FORMATTED CONTENTS NOTE
Formatted contents note Shakespeare, comedy, and Shakespearean comedy: The comedy of errors and Love's labor's lost -- The taming of the shrew -- The two gentlemen of Verona -- A midsummer night's dream -- The merchant of Venice -- Much ado about nothing -- As you like it -- Twelfth night -- Measure for measure -- The music of Shakespeare's comedies: Shakespearean verse and song.
511 0# - PARTICIPANT OR PERFORMER NOTE
Participant or performer note Lecture given by Raphael Shargel.
520 ## - SUMMARY, ETC.
Summary, etc Raphael Shargel, associate professor of English at Providence College. Shakespeare's genius is as readily apparent in these comedies as in his timeless tragedies. Often marked by internal and external conflicts, young lovers struggling for union, mistaken identities, and intertwining plots, Shakespeare's comedies to this day reveal the master's unparalleled insight into the human condiditon.
521 ## - TARGET AUDIENCE NOTE
Target audience note Audio;
Source Recorded Books.
600 10 - SUBJECT ADDED ENTRY--PERSONAL NAME
Personal name Shakespeare, William,
Dates associated with a name 1564-1616
General subdivision Comedies.
9 (RLIN) 5850223
830 #0 - SERIES ADDED ENTRY--UNIFORM TITLE
Uniform title Modern scholar.
9 (RLIN) 53355
856 42 - ELECTRONIC LOCATION AND ACCESS
Materials specified Additional course materials
Uniform Resource Identifier <a href="http://www.modernscholar.com">http://www.modernscholar.com</a>
Public note Password required for access, see container
938 ## -
-- Recorded Books
-- RECB
-- ruc00000131
942 ## - ADDED ENTRY ELEMENTS (KOHA)
Koha item type CD
948 ## - LOCAL PROCESSING INFORMATION (OCLC); SERIES PART DESIGNATOR (RLIN)
Series part designator, SPT (RLIN) 04/27/2009
z (OCLC) Sirsi
994 ## -
-- 02
-- WACOL
996 ## -
-- 70056
-- 34301000818080
-- CD
-- CD
-- wcl
-- i
-- 4
-- 98.75
-- .CIRCNOTE. 7 discs; 1 book
-- .PUBLIC. 7 discs; 1 book
-- Recorded Books
-- 822 Sha
-- 04/27/2009
-- 04/12/2017
-- 03/31/2017
Holdings
Withdrawn status Lost status Source of classification or shelving scheme Materials specified (bound volume or other part) Damaged status Not for loan Collection code Home library Current library Shelving location Date acquired Source of acquisition Cost, normal purchase price Total Checkouts Full call number Barcode Date last seen Date checked out Cost, replacement price Price effective from Koha item type Public note
    Dewey Decimal Classification .CIRCNOTE. 7 discs; 1 book     Audiobooks Wasatch County Library Wasatch County Library Second Floor 04/27/2009   98.75 4 CD 822 Sha 34301000818080 07/18/2024 03/31/2017 98.75 03/20/2020 Audiobook on CD .PUBLIC. 7 discs; 1 book
This project was made possible through a grant from the Institute of Museum and Library Service administered by the Utah State Library Division.

Wasatch County Library

  • 465 East 1200 South, Heber City, Utah 84032
  • Phone 435-654-1511 | Fax 435-654-6456

Hours

  • Monday - Friday 9:30 AM - 8:00 PM
  • Saturday 9:30 AM - 1:30 PM
  • Closed Sundays and Holidays